Statistics for Road Trip: Malaga to Busan

Click here to take the quiz!

General Stats

  • This quiz has been taken 66 times
    (50 since last reset)
  • The average score is 23 of 24

Answer Stats

Mile MarkerModeStopsCountry% Correct
581 kmπŸƒπŸΏβ€β™€οΈπŸ’¨OranAlgeria
100%
10,395 kmπŸ—‘πŸ˜­You are detained by the Taliban.πŸ˜­πŸ—‘KandaharAfghanistan
98%
22,197 kmπŸƒπŸΏβ€β™€οΈπŸ’¨BeijingChina
98%
21,044 kmπŸƒπŸΏβ€β™€οΈπŸ’¨WuhanChina
98%
4,117 kmπŸƒπŸΏβ€β™€οΈπŸ’¨AlexandriaEgypt
98%
12, 063 kmπŸƒπŸΏβ€β™€οΈπŸ’¨JaipurIndia
98%
9,450 kmπŸƒπŸΏβ€β™€οΈπŸ’¨MashhadIran
98%
7,627 kmπŸƒπŸΏβ€β™€οΈπŸ’¨BasrahIraq
98%
7,421 kmπŸƒπŸΏβ€β™€οΈπŸ’¨Al AhmadiKuwait
98%
3,236 kmπŸƒπŸΏβ€β™€οΈπŸ’¨BenghaziLibya
98%
13,222 kmπŸƒπŸΏβ€β™€οΈπŸ’¨KathmanduNepal
98%
23,005 kmπŸƒπŸΏβ€β™€οΈπŸ’¨PyonyangNorth Korea
98%
11,533 kmπŸƒπŸΏβ€β™€οΈπŸ’¨LahorePakistan
98%
5,951 kmπŸ•‹Visit the Kaaba πŸ•‹MeccaSaudi Arabia
98%
13828 kmπŸƒπŸΏβ€β™€οΈπŸ’¨LhasaTibet / China
98%
1,786 kmπŸƒπŸΏβ€β™€οΈπŸ’¨TunisTunisia
98%
14,737 kmπŸƒπŸΏβ€β™€οΈπŸ’¨ChittagongBangladesh
95%
14, 076 kmπŸƒπŸΏβ€β™€οΈπŸ’¨ThimphuBhutan
95%
5,274 kmπŸƒπŸΏβ€β™€οΈπŸ’¨AqabaJordan
95%
15,910 kmπŸƒπŸΏβ€β™€οΈπŸ’¨MandalayMyanmar
95%
6,817 kmπŸƒπŸΏβ€β™€οΈπŸ’¨RiyadhSaudi Arabia
95%
17,098 kmπŸƒπŸΏβ€β™€οΈπŸ’¨Chiang MaiThailand
95%
18,707 kmπŸƒπŸΏβ€β™€οΈπŸ’¨Ho Chi Minh CityVietnam
95%
18,478 kmπŸƒπŸΏβ€β™€οΈπŸ’¨TakeoCambodia
93%

Score Distribution

Percentile by Number Answered

Percent of People with Each Score

Your Score History

You have not taken this quiz since the last reset